000 00382 a2200097 4500
082 _a625.8 OVI
100 _aOvik,Jill M.
245 _aCharacterizating Seasonal Variations in Pavement Material Properties for Use in A Mechanistic-Empirical Design Procedure /
_cJill. M. Ovik
260 _aMinnesota :
_cDept of Transportation,
_b2000
300 _avariouse pages :
_bill . ;
_c27cm
650 _aproperties of materials
999 _c1507
_d1507